|
|
|
|
| LEADER |
00000nab a2200000 a 4500 |
| 001 |
vtls000918215 |
| 003 |
SK-MaSNL |
| 005 |
20260303034155.0 |
| 008 |
040720e19930128xo 0 slo |
| 035 |
|
|
|a KE27092
|
| 040 |
|
|
|a KEVKJB
|b slo
|c KEVKJB
|e AACR2
|
| 041 |
0 |
|
|a slo
|
| 044 |
|
|
|a xo
|c SK
|
| 080 |
|
|
|a 791.62-055.25
|2 1981
|
| 100 |
1 |
|
|a Gallo, Igor,
|d 1936-2019
|4 aut
|9 85732
|
| 245 |
1 |
0 |
|a Poznáme najkrajšie Košičanky
|b Kráľovnou Anetta
|
| 590 |
|
|
|a Baloghová, Anetta
|b študentka pedagogickej fakulty
|
| 600 |
1 |
7 |
|a Baloghová, Anetta
|2 KEVKJB
|9 981339
|
| 611 |
1 |
7 |
|a Miss Košice
|2 KEVKJB
|9 1019090
|
| 650 |
0 |
7 |
|a súťaže krásy
|2 KEVKJB
|9 22370
|
| 650 |
0 |
7 |
|a reportáže
|2 KEVKJB
|9 75670
|
| 651 |
|
7 |
|a KE,
|2 KEVKJB
|9 877256
|
| 655 |
|
7 |
|a periodikum
|2 snkbucl
|9 29553
|
| 773 |
0 |
8 |
|t Košický večer
|g Roč. 4
|g Roč. 28, č.19, 28.1.1993, s. 1
|
| 852 |
|
|
|a ZVYKNI
|b KIS3GCP
|
| 999 |
|
|
|c 1672608
|d 1674538
|